Central Library OPAC University of Rajshahi

Intermediate algebra : (Record no. 69974)

MARC details
000 -LEADER
fixed length control field 00708nam a2200241 a 4500
001 - CONTROL NUMBER
control field 69974
003 - CONTROL NUMBER IDENTIFIER
rucl marc code BD-RjUL
005 - DATE AND TIME OF LATEST TRANSACTION
control field 20211209081942.0
008 - FIXED-LENGTH DATA ELEMENTS--GENERAL INFORMATION
fixed length control field 170415s1984 maua 001 0 eng
020 ## - INTERNATIONAL STANDARD BOOK NUMBER
International Standard Book Number 039588831X (student text)
035 ## - SYSTEM CONTROL NUMBER
System control number (BD-RjUL)70186
040 ## - CATALOGING SOURCE
Original cataloging agency DLC
Transcribing agency DLC
Modifying agency DLC
Language of cataloging eng
041 ## - LANGUAGE CODE
Language code of text/sound track or separate title eng
082 00 - DEWEY DECIMAL CLASSIFICATION NUMBER
Edition number 23
Classification number 512
Author mark and year AUI 1984
100 1# - MAIN ENTRY--PERSONAL NAME
Personal name Aufmann, Richard N.
9 (RLIN) 201379
245 10 - TITLE STATEMENT
Title Intermediate algebra :
Remainder of title an applied approach. /
Statement of responsibility, etc. Richard N. Aufmann and Vernon C. Barker
260 ## - PUBLICATION, DISTRIBUTION, ETC. (IMPRINT)
Place of publication, distribution, etc. Boston :
Name of publisher, distributor, etc. Houghton Mifflin,
Date of publication, distribution, etc. 1984
300 ## - PHYSICAL DESCRIPTION
Pagination 606 p. :
Illustrations ill. ;
Size 28 cm.
500 ## - GENERAL NOTE
General note Includes index.
650 #0 - SUBJECT ADDED ENTRY--TOPICAL TERM
Topical term or geographic name as entry element Algebra.
9 (RLIN) 207263
700 1# - ADDED ENTRY--PERSONAL NAME
Personal name Barker, Vernon C.
942 ## - ADDED ENTRY ELEMENTS (KOHA)
Source of classification or shelving scheme Dewey Decimal Classification
Koha item type Books
Holdings
Lost status Source of classification or shelving scheme Damaged status Not for loan Collection code Permanent Location Current Location Shelving location Date acquired Source of acquisition Cost, normal purchase price Total Checkouts Full call number Date last seen Copy number Koha item type
  Dewey Decimal Classification   Not For Loan Non-fiction Central Library, University of Rajshahi Central Library, University of Rajshahi Reading Room 31/10/2007 U. S. Govt. 0.00   512 AUI 1984 15/04/2017 C-1 Books